Normal view
MARC view
Entry Personal Name
001 - CONTROL NUMBER
- control field: 1176883
003 - CONTROL NUMBER IDENTIFIER
- control field: OSt
005 - DATE AND TIME OF LATEST TRANSACTION
- control field: 20260324125140.0
008 - FIXED-LENGTH DATA ELEMENTS
- fixed length control field: 260324|| aca||aabn | a|a d
040 ## - CATALOGING SOURCE
- Original cataloging agency: OSt
- Transcribing agency: OSt
100 ## - HEADING--PERSONAL NAME
- Personal name: Fabio Brancaleoni; Giovanni Solari; Michele Jamiolkowski; Ian P.T. Firth; Peter Sluszka; Giorgio Diana; Giuseppe Fiammenghi; Niels J. Gimsing; Enzo Vullo; Gianluca Valensise; Ezio Faccioli
670 ## - SOURCE DATA FOUND
- Source citation: Work cat.: (OSt)1771879: Fabio Brancaleoni; Giovanni Solari; Michele Jamiolkowski; Ian P.T. Firth; Peter Sluszka; Giorgio Diana; Giuseppe Fiammenghi; Niels J. Gimsing; Enzo Vullo; Gianluca Valensise; Ezio Faccioli, The Messina Strait Bridge
